| 000 | 00000nam##2200000za#4500 |
| 001 | 9.639846 |
| 003 | CaOODSP |
| 005 | 20220107134005 |
| 007 | cr ||||||||||| |
| 008 | 150407|1998||||xxc|||||o f|0| 0 fre|d |
| 040 | |aCaOODSP|bfre |
| 043 | |an-cn--- |
| 086 | 1 |aH72-21/165-1998F-PDF |
| 110 | 2 |aCentre national d'information sur la violence dans la famille (Canada) |
| 245 | 10|aGuide à l'intention des professionnels de la santé et des services sociaux réagissant face à la violence pendant la grossesse |h[ressource électronique] |
| 260 | |aOttawa - Ontario : |bSanté Canada. |cc1999. |
| 300 | |a14, 64p.|bfigures |
| 500 | |aLe n° de catalogue (H72-21/165-1998F) et l'ISBN (0-662-83269-8) de l'édition imprimée ont été incorrectement copiés dans l'édition électronique. |
| 504 | |aBibliographie. |
| 590 | |a12-14-Supp|b2012-04-10 |
| 775 | 08|tA handbook for health and social service professionals responding to abuse during pregnancy |w(CaOODSP)9.695718 |
| 776 | 0#|tGuide à l'intention des professionnels de la santé et des services sociaux réagissant face à la violence pendant la grossesse / |w(CaOODSP)9.680583 |
| 856 | 40|ahttp://publications.gc.ca|qPDF|s80 Ko|uhttps://publications.gc.ca/collections/Collection/H72-21-165-1998-1F.pdf |
| 856 | 40|ahttp://publications.gc.ca|qPDF|s1.41 Mo|uhttps://publications.gc.ca/collections/Collection/H72-21-165-1998-2F.pdf |